000 00732nam a2200289Ia 4500
001 Z_4868
003 CHAP
008 220113s1982 xx 000 0 und d
010 _a167922
040 _cCHAP
090 _aFolleto 642
100 _aMeyer, Marco R
_975294
245 _aControl de calidad de productos agropecuarios /
_cpor Marco R Meyer
260 _aMéxico, D. F. :
_bTrillas,
_c1982
300 _a102 p. ; ilus.
440 _aManuales para educación agropecuaria
_9142161
500 _a
503 _a
650 _aAlimentos
_xAnálisis I. t.
_9137984
650 _aAlimentos
_xCalidad
901 _aFolleto 642
902 _aA
910 _a1982
942 _cc14
942 _cc14
999 _c167922
_d167922